000 01690nam a2200313 a 4500
001 BRCA_5033
005 20190320204919.0
008 031110s1839----mx-######v---#000-0#spa-#
041 _aspa
044 _amx
084 _aDOC100
_b.G67
_c1839
100 1 _aGoroztiza y Cepeda, Manuel María del Pilar Eduardo
_d1789-1851
_912856
245 1 0 _aDocumento expedido a Eduardo Goroztiza
_cEduardo Goroztiza, Anastacio Bustamante, Manuel Arias.
260 _aMéxico
_c1839
300 _a[2] fojas
_c30 x 21 cm
500 _aDocumento expedido el 2 de enero de 1839
500 _aEl C. Anastacio Bustamante, General de División y Presidente de la República Mexicana nombra a Eduardo Goroztiza Escribiente Segundo del Ministro de Relaciones Exteriores por ascenso de Don Manuel Arias. Firma Bustamantes y Goroztiza
500 _aEl documento contiene la leyenda DOC. #261
500 _aPapel con marca de agua
500 _aAl margen: ESCUDO NACIONAL MEXICANO ABULTADO Y ENCABEZADO CON SELLO NACIONAL (Águila Real) Y LEYENDA: SELLO SEGUNDO. DOCE REALES. PARA LOS AÑOS DE MIL OCHOCIENTOS TREINTA Y OCHO y OCHOCIENTOS TREINTA Y NUEVE
506 0 _aFondo reservado: para su consulta es necesario credencial de usuario y carta de motivos
546 _aTexto en: español de mediados del siglo XIX
600 1 4 _aGoroztiza y Cepeda, Manuel María del Pilar Eduardo
_d1789-1851
_912856
650 1 4 _aRelaciones internacionales
_eDocumentos legales
_vImpreso con rúbricas
_xHistoria
_yFederalismo y centralismo, 1824-1853
_912857
700 1 _aBustamante y Oseguera, Anastasio
_cPolítico y militar
_d1780-1853
_912858
700 1 _aArias, Manuel
_912859
902 _aFDH
942 _2lcc
_cD
999 _c4727
_d4727